UCI World Champions TT - Statistics

General Stats
  • This quiz has been taken 91 times
    38 since last reset
  • The average score is 12 of 22
Answer Stats
Hint Answer % Correct
2010 Fabian Cancellara
90%
2009 Fabian Cancellara
90%
2007 Fabian Cancellara
90%
2006 Fabian Cancellara
90%
2013 Tony Martin
90%
2012 Tony Martin
90%
2011 Tony Martin
90%
2001 Jan Ullrich
60%
1999 Jan Ullrich
60%
2014 Bradley Wiggins
57%
1995 Miguel Indurain
53%
2008 Bert Grabsch
43%
1997 Laurent Jalabert
40%
2005 Michael Rogers
37%
2004 Michael Rogers
37%
2003 Michael Rogers
37%
1998 Abraham Olano
30%
2002 Santiago Botero
30%
1994 Chris Boardman
20%
2015 Vasil Kiryienka
20%
1996 Alex Zülle
10%
2000 Serhij Hontsjar
0%
No matching quizzes found
Score Distribution
Percent of People with Each Score
Percentile by Number Answered
Your Score History
You have not taken this quiz since the last reset